| 000 | 00374nam a2200121Ia 4500 | ||
|---|---|---|---|
| 008 | 191129s9999 xx 000 0 und d | ||
| 020 | _a4806523176019 | ||
| 100 | _aMaxwell, John C. | ||
| 245 |
_cJohn C. Maxwell _aThe gift of leadership: _bbook 1/ |
||
| 260 |
_aManila: _bChurch Strengthening Ministry, Inc. _c2005 |
||
| 300 |
_a108 p. ; _bill. : _c16 cm. |
||
| 650 | _aLeadership | ||
| 999 |
_c362743 _d362743 |
||